00668nam a2200181 a 450000100100000000500170001000800410002702000150006804000250008308200100010810000220011824500580014026000640019830000580026250000380032095201130035899900150047100000240720200929150207.0090702s1992 es af 001 0 spa d a8486168686 aDO-SdBNPbspacBNPHU aR934h1 aRuiz, Elisa9763510aHacia una semiología de la escritura /cElisa Ruiz. aMadrid :bFundación Germán Sánchez Ruipérez,c1992. a312 p.,[1]h., [16] p. de lam. :bil. ; lam. ;c26 cm. aIncluye notas al pie de páginas 001052708MOaGRbGRcCTd2009-07-02iLF1l0o1992p2407-10r2020-06-25w2020-06-25y2ZPréstamo interno c2243d2243